[Event "MVP-ch Seniors op 19th"]
[Site "Ostseebad Binz"]
[Date "2019.12.04"]
[Round "8"]
[White "Kundt, Guenther"]
[Black "Pfueller, Volker"]
[Result "1/2-1/2"]
[WhiteElo "1760"]
[BlackElo "1611"]
[PlyCount "37"]
[EventDate "2019.11.27"]
[EventType "swiss"]
[EventRounds "9"]
[EventCountry "GER"]
[SourceTitle "EXT 2021"]
[Source "ChessBase"]
[SourceDate "2020.10.23"]
[SourceVersion "1"]
[SourceVersionDate "2020.10.23"]
[SourceQuality "1"]

1. d4 f5 2. c4 Nf6 3. Nc3 g6 4. Nf3 Bg7 5. e3 0-0 6. Be2 d6 7. b4 Qe8 8. Bb2 c6 9. Qb3 h6 10. a4 Kh7 11. 0-0 e5 12. dxe5 dxe5 13. b5 c5 14. Rfd1 e4 15. Ne1 Be6 16. Nd5 Bxd5 17. cxd5 Nbd7 18. a5 Rd8 19. f4 1/2-1/2

[Event "MVP-ch Seniors op 19th"]
[Site "Ostseebad Binz"]
[Date "2019.11.28"]
[Round "2"]
[White "Krueger, Peter"]
[Black "Pfueller, Volker"]
[Result "1/2-1/2"]
[WhiteElo "1818"]
[BlackElo "1611"]
[PlyCount "94"]
[EventDate "2019.11.27"]
[EventType "swiss"]
[EventRounds "9"]
[EventCountry "GER"]
[SourceTitle "EXT 2021"]
[Source "ChessBase"]
[SourceDate "2020.10.23"]
[SourceVersion "1"]
[SourceVersionDate "2020.10.23"]
[SourceQuality "1"]

1. d4 f5 2. c4 Nf6 3. Nc3 g6 4. Bg5 Bg7 5. e3 0-0 6. Nf3 d6 7. Be2 Qe8 8. Nb5 Na6 9. d5 Ne4 10. Rb1 h6 11. Bh4 f4 12. exf4 Rxf4 13. 0-0 g5 14. Bg3 Nxg3 15. fxg3 Rf8 16. Nfd4 Rxf1+ 17. Bxf1 c6 18. Nc3 c5 19. Nf3 Bf5 20. Rc1 Qg6 21. a3 Nc7 22. Qd2 Ne8 23. Re1 Bf6 24. h3 g4 25. hxg4 Bxg4 26. Ne4 Bxf3 27. Nxf6+ Qxf6 28. gxf3 Ng7 29. Kg2 Rf8 30. f4 Nf5 31. Be2 Qg7 32. Qd3 Nd4 33. Qe4 Nf5 34. g4 Nh4+ 35. Kh3 Ng6 36. Rf1 Qf6 37. f5 Qh4+ 38. Kg2 Ne5 39. Rh1 Qg5 40. Rh5 Qg7 41. Qf4 Nf7 42. Qe3 Ne5 43. Qxh6 Qxh6 44. Rxh6 Rf6 45. Rh5 Kg7 46. Rh3 Rh6 47. Rg3 Rh4 1/2-1/2

[Event "MVP-ch Seniors op 18th"]
[Site "Ostseebad Binz"]
[Date "2018.12.06"]
[Round "9"]
[White "Krueger, Bernhard"]
[Black "Pfueller, Volker"]
[Result "1/2-1/2"]
[WhiteElo "1732"]
[BlackElo "1585"]
[PlyCount "63"]
[EventDate "2018.11.28"]
[EventType "swiss"]
[EventRounds "9"]
[EventCountry "GER"]
[SourceTitle "CBM 188 Extra"]
[Source "ChessBase"]
[SourceDate "2019.02.28"]
[SourceVersion "1"]
[SourceVersionDate "2019.02.28"]
[SourceQuality "1"]

1. d4 f5 2. Nf3 g6 3. c4 Nf6 4. Nc3 Bg7 5. e3 0-0 6. Bd3 d6 7. 0-0 Qe8 8. Re1 e5 9. e4 fxe4 10. Nxe4 Nxe4 11. Rxe4 Bf5 12. Re1 Bxd3 13. Qxd3 Nc6 14. Bg5 Qf7 15. Bh4 Rae8 16. Re4 Nb4 17. Qe2 Bf6 18. Bg5 Bxg5 19. Nxg5 Qf5 20. Ne6 Rf7 21. Re1 d5 22. Rxe5 Qc2 23. Nxc7 Qxe2 24. R1xe2 Rc8 25. Re7 Rxc7 26. Rxc7 Rxc7 27. c5 a5 28. a3 Na6 29. Re8+ Kg7 30. Ra8 Nxc5 31. dxc5 Rxc5 32. g4 1/2-1/2

[Event "MVP-ch Seniors op 18th"]
[Site "Ostseebad Binz"]
[Date "2018.12.04"]
[Round "7"]
[White "Krueger, Detlef"]
[Black "Pfueller, Volker"]
[Result "1-0"]
[WhiteElo "1783"]
[BlackElo "1585"]
[PlyCount "55"]
[EventDate "2018.11.28"]
[EventType "swiss"]
[EventRounds "9"]
[EventCountry "GER"]
[SourceTitle "CBM 188 Extra"]
[Source "ChessBase"]
[SourceDate "2019.02.28"]
[SourceVersion "1"]
[SourceVersionDate "2019.02.28"]
[SourceQuality "1"]

1. e4 e5 2. d4 exd4 3. c3 dxc3 4. Nxc3 Nc6 5. Nf3 Bb4 6. Bc4 Bxc3+ 7. bxc3 d6 8. 0-0 Nge7 9. Ng5 Ne5 10. Bb3 Bg4 11. Bxf7+ Nxf7 12. Qxg4 0-0 13. Ne6 Ng6 14. Nxd8 Raxd8 15. Be3 c5 16. Rad1 Nfe5 17. Qe6+ Nf7 18. Qb3 b6 19. Rd2 Rd7 20. Rfd1 Kh8 21. f4 Ne7 22. e5 Nf5 23. Bf2 Nd8 24. g4 Nh6 25. Rxd6 Rxd6 26. Rxd6 Nb7 27. Rd7 Na5 28. Qe6 1-0

[Event "Berlin-ch Seniors op 34th"]
[Site "Berlin"]
[Date "2018.02.07"]
[Round "8"]
[White "Bremer, Helmut"]
[Black "Pfueller, Volker"]
[Result "1/2-1/2"]
[WhiteElo "1589"]
[BlackElo "1714"]
[PlyCount "131"]
[EventDate "2018.01.30"]
[EventType "swiss"]
[EventRounds "9"]
[EventCountry "GER"]
[SourceTitle "EXT 2020"]
[Source "ChessBase"]
[SourceDate "2019.10.17"]
[SourceVersion "1"]
[SourceVersionDate "2019.10.17"]
[SourceQuality "1"]

1. e4 e5 2. f4 d5 3. exd5 e4 4. Nc3 Nf6 5. d3 exd3 6. Qxd3 Bd6 7. Nf3 0-0 8. Be2 Nbd7 9. Be3 Ng4 10. Ng5 Ngf6 11. 0-0 Bc5 12. Kh1 Bxe3 13. Qxe3 Nb6 14. h3 Nbxd5 15. Qd3 Nxc3 16. Qxc3 h6 17. Rad1 Qe7 18. Nf3 Qxe2 19. Rde1 Qb5 20. Nd4 Qb6 21. Re5 c6 22. b3 Bd7 23. Nf3 Nd5 24. Qe1 Rfe8 25. Qg3 Rxe5 26. Nxe5 Be6 27. Rf3 Qd4 28. f5 Bc8 29. Ng4 Kh7 30. c3 Nxc3 31. Rxc3 Qd1+ 32. Kh2 Bxf5 33. Ne3 Qd7 34. Nxf5 Qxf5 35. Qc7 Rc8 36. Qxb7 Qe5+ 37. Rg3 Rc7 38. Qb4 c5 39. Qd2 Rc6 40. Qd3+ g6 41. Qd7 Rc7 42. Qd3 h5 43. h4 Qf4 44. Kh3 Qc1 45. Kh2 Qf4 46. Kg1 Qxh4 47. Rh3 Qe1+ 48. Kh2 Qe5+ 49. Kg1 Qd4+ 50. Kh2 Kg7 51. Qf3 c4 52. bxc4 Qxc4 53. Qg3 Qc5 54. Rh4 Re7 55. Kh1 Qc1+ 56. Kh2 Qe3 57. Qd6 Qe5+ 58. Qxe5+ Rxe5 59. Ra4 Re7 60. Kh3 f5 61. g3 Kh6 62. Ra6 Kg5 63. Ra4 Kf6 64. Ra6+ Kg5 65. Ra4 Rg7 66. Ra6 1/2-1/2

[Event "Berlin-ch Seniors op 34th"]
[Site "Berlin"]
[Date "2018.02.06"]
[Round "7"]
[White "Pfueller, Volker"]
[Black "Rollwitz, Inge"]
[Result "0-1"]
[WhiteElo "1714"]
[BlackElo "1368"]
[PlyCount "108"]
[EventDate "2018.01.30"]
[EventType "swiss"]
[EventRounds "9"]
[EventCountry "GER"]
[SourceTitle "EXT 2020"]
[Source "ChessBase"]
[SourceDate "2019.10.17"]
[SourceVersion "1"]
[SourceVersionDate "2019.10.17"]
[SourceQuality "1"]

1. b4 e5 2. Bb2 d6 3. e3 Nf6 4. Nf3 Nbd7 5. Be2 b6 6. 0-0 Be7 7. d3 0-0 8. Nbd2 Bb7 9. c4 c5 10. b5 Qc7 11. e4 h6 12. a4 Nh7 13. Ne1 Rae8 14. Rc1 Bf6 15. Rc2 Bg5 16. Nef3 Bxd2 17. Nxd2 f5 18. f3 Rf6 19. Rf2 f4 20. Rc1 Ref8 21. Bc3 Ng5 22. Bf1 Qd8 23. Re2 Rg6 24. Kh1 Nf6 25. Nb3 Nh5 26. Be1 Nxf3 27. gxf3 Ng3+ 28. hxg3 Qg5 29. g4 h5 30. Bh3 hxg4 31. Bxg4 Rh6+ 32. Rh2 Kf7 33. Rcc2 Rfh8 34. Rcg2 Bc8 35. Be6+ Kf6 36. Rxg5 Rxh2+ 37. Kg1 Rh1+ 38. Kf2 Kxg5 39. Ke2 R8h2+ 40. Bf2 Rxd1 41. Kxd1 Bxe6 42. Be1 Bh3 43. Nd2 Kh5 44. Nb3 Bg2 45. Nd2 Rh3 46. Ke2 Rh2 47. Kd1 Bh1 48. Kc1 Re2 49. Kd1 Re3 50. Bf2 Bxf3+ 51. Kc2 Re2 52. Bg1 Bg4 53. Kc3 Rg2 54. Bxc5 dxc5 0-1

[Event "Berlin-ch Seniors op 34th"]
[Site "Berlin"]
[Date "2018.01.30"]
[Round "1"]
[White "Pfueller, Volker"]
[Black "Badestein, Hartmut"]
[Result "0-1"]
[WhiteElo "1714"]
[BlackElo "1993"]
[PlyCount "90"]
[EventDate "2018.01.30"]
[EventType "swiss"]
[EventRounds "9"]
[EventCountry "GER"]
[SourceTitle "EXT 2020"]
[Source "ChessBase"]
[SourceDate "2019.10.17"]
[SourceVersion "1"]
[SourceVersionDate "2019.10.17"]
[SourceQuality "1"]

1. e4 c5 2. f4 Nc6 3. Nf3 g6 4. d4 cxd4 5. Nxd4 Bg7 6. Nxc6 bxc6 7. Bd3 Qb6 8. c3 d6 9. Na3 Nf6 10. h3 0-0 11. Nc4 Qc7 12. Ne3 d5 13. e5 Ne8 14. 0-0 Bb7 15. Nc2 c5 16. Be2 f6 17. exf6 Nxf6 18. Bf3 e6 19. Qe2 Rfe8 20. Qe5 Qxe5 21. fxe5 Nd7 22. Na3 Nxe5 23. Nb5 Nxf3+ 24. Rxf3 Re7 25. Bg5 Rd7 26. Re1 a6 27. Na3 d4 28. Rd3 e5 29. cxd4 cxd4 30. Nc4 Re8 31. Nb6 Rd6 32. Nc4 Rde6 33. Nd2 e4 34. Rb3 Bd5 35. Ra3 Rc8 36. Ra5 Bb7 37. Ra4 h6 38. Bf4 g5 39. Bg3 Rc2 40. Nb3 e3 41. Nxd4 Bxd4 42. Rxd4 Rxg2+ 43. Kf1 Rf6+ 44. Bf4 Rxf4+ 45. Rxf4 gxf4 0-1

[Event "MVP-ch Seniors op 17th"]
[Site "Binz"]
[Date "2017.12.04"]
[Round "6.51"]
[White "Pfueller, Volker"]
[Black "Wagner, Ingolf"]
[Result "1-0"]
[WhiteElo "1717"]
[BlackElo "1875"]
[PlyCount "153"]
[EventDate "2017.11.29"]
[EventType "swiss"]
[EventRounds "9"]
[EventCountry "GER"]
[SourceTitle "EXT 2019"]
[Source "ChessBase"]
[SourceDate "2018.10.10"]
[SourceVersion "1"]
[SourceVersionDate "2018.10.10"]
[SourceQuality "1"]

1. e4 d6 2. d4 Nf6 3. Nc3 g6 4. Nf3 Bg7 5. Be2 0-0 6. 0-0 c6 7. Be3 h6 8. h3 a5 9. Qd2 Kh7 10. Bd3 Na6 11. a3 Nc7 12. Rfd1 Nd7 13. e5 dxe5 14. dxe5 Ne6 15. Qc1 Qc7 16. Re1 Nxe5 17. Nxe5 Bxe5 18. Bxh6 Bg7 19. Bxg7 Kxg7 20. Qe3 Bd7 21. Rad1 Rae8 22. Ne2 c5 23. Bc4 Rh8 24. Bxe6 Bxe6 25. Qc3+ Kg8 26. Nd4 Bd7 27. Re3 Qb6 28. Ne2 Qc7 29. Qe5 Qc6 30. Nf4 Rh7 31. Qd5 Qxd5 32. Rxd5 Bc6 33. Rxc5 a4 34. Nd5 Kf8 35. Nb4 Rh5 36. Rxh5 gxh5 37. Re5 Rd8 38. Nxc6 bxc6 39. Kf1 Rd2 40. Rc5 Rd1+ 41. Ke2 Rb1 42. Rxc6 Rxb2 43. Rc3 Rb5 44. Rc4 Ra5 45. Kd3 f5 46. Kc3 Kf7 47. Kb4 Re5 48. Rf4 Kg6 49. Kxa4 Kg5 50. g3 Rc5 51. c4 e5 52. Kb4 Rc8 53. h4+ Kf6 54. Rf3 e4 55. Rc3 Ke5 56. Rc1 f4 57. Rd1 Kf5 58. Rd5+ Kg4 59. gxf4 Rf8 60. c5 Kf3 61. c6 Kxf2 62. c7 e3 63. Kc5 e2 64. Rd2 Ke3 65. Rxe2+ Kxe2 66. Kc6 Rxf4 67. c8Q Rc4+ 68. Kd7 Rxc8 69. Kxc8 Kf2 70. a4 Kg3 71. a5 Kxh4 72. a6 Kg3 73. a7 h4 74. a8Q h3 75. Qh1 h2 76. Kd7 Kh3 77. Ke6 1-0

[Event "MVP-ch Seniors op 17th"]
[Site "Binz"]
[Date "2017.12.02"]
[Round "4.71"]
[White "Pfueller, Volker"]
[Black "Hartlaub, Marianne"]
[Result "1/2-1/2"]
[WhiteElo "1717"]
[BlackElo "1493"]
[PlyCount "82"]
[EventDate "2017.11.29"]
[EventType "swiss"]
[EventRounds "9"]
[EventCountry "GER"]
[SourceTitle "EXT 2019"]
[Source "ChessBase"]
[SourceDate "2018.10.10"]
[SourceVersion "1"]
[SourceVersionDate "2018.10.10"]
[SourceQuality "1"]

1. e4 d6 2. d4 Nf6 3. Nc3 c6 4. Be2 e6 5. Nf3 Be7 6. 0-0 0-0 7. h3 Nbd7 8. Re1 Qc7 9. a3 a6 10. Bd3 e5 11. Be3 b5 12. b4 Bb7 13. Ne2 Rfe8 14. Ng3 Bf8 15. c3 d5 16. Qc2 a5 17. Rec1 axb4 18. cxb4 Rec8 19. Qb2 exd4 20. Bxd4 dxe4 21. Nxe4 Nxe4 22. Bxe4 Qf4 23. Re1 Re8 24. Qc2 g6 25. Bxc6 Rxe1+ 26. Rxe1 Rc8 27. Qe4 Qxe4 28. Bxe4 Bxe4 29. Rxe4 Ra8 30. Re3 Bg7 31. Bxg7 Kxg7 32. Nd4 Rb8 33. Re7 Nf8 34. Ra7 Kf6 35. Ra5 Rd8 36. Nxb5 Rd1+ 37. Kh2 Rd7 38. Kg3 Ne6 39. Ra6 Ke5 40. Kf3 Rd2 41. Ke3 Rb2 1/2-1/2

[Event "Berlin-ch Seniors op 33rd"]
[Site "Berlin"]
[Date "2017.02.09"]
[Round "9"]
[White "Pfueller, Volker"]
[Black "Oppermann, Peter"]
[Result "0-1"]
[WhiteElo "1736"]
[BlackElo "1859"]
[PlyCount "72"]
[EventDate "2017.01.31"]
[EventType "swiss"]
[EventRounds "9"]
[EventCountry "GER"]
[SourceTitle "EXT 2019"]
[Source "ChessBase"]
[SourceDate "2018.10.10"]
[SourceVersion "1"]
[SourceVersionDate "2018.10.10"]
[SourceQuality "1"]

1. e4 e6 2. d4 d5 3. e5 c5 4. c3 Nc6 5. Nf3 Qb6 6. Be2 Nh6 7. 0-0 f5 8. exf6 gxf6 9. dxc5 Qxc5 10. Nd4 Nxd4 11. cxd4 Qb6 12. Re1 Bd7 13. Nc3 0-0-0 14. Qc2 Kb8 15. Bf4+ Ka8 16. Qd2 Nf5 17. Be3 Bd6 18. Rab1 Qc7 19. f4 Nxe3 20. Qxe3 Bxf4 21. Qh3 Qd6 22. Bg4 Rde8 23. g3 Bg5 24. Qg2 h5 25. Bf3 h4 26. g4 h3 27. Qe2 Bf4 28. Kh1 Bc6 29. b4 e5 30. Nb5 Qd7 31. Nc3 exd4 32. Qd3 dxc3 33. b5 Bxb5 34. Rxe8+ Rxe8 35. Qxd5 Qxd5 36. Bxd5 Bc6 0-1

[Event "Berlin-ch Seniors op 33rd"]
[Site "Berlin"]
[Date "2017.02.07"]
[Round "7"]
[White "Koerner, Helmut"]
[Black "Pfueller, Volker"]
[Result "1/2-1/2"]
[WhiteElo "1852"]
[BlackElo "1736"]
[PlyCount "29"]
[EventDate "2017.01.31"]
[EventType "swiss"]
[EventRounds "9"]
[EventCountry "GER"]
[SourceTitle "EXT 2019"]
[Source "ChessBase"]
[SourceDate "2018.10.10"]
[SourceVersion "1"]
[SourceVersionDate "2018.10.10"]
[SourceQuality "1"]

1. b4 e5 2. Bb2 d6 3. e3 Nf6 4. c4 Nbd7 5. Nc3 b6 6. Nf3 Be7 7. Be2 0-0 8. d4 exd4 9. Nxd4 Bb7 10. Bf3 d5 11. a3 Ne5 12. cxd5 Nxf3+ 13. Qxf3 Bxd5 14. Nxd5 Qxd5 15. 0-0 1/2-1/2

[Event "Berlin-ch Seniors op 33rd"]
[Site "Berlin"]
[Date "2017.02.03"]
[Round "4"]
[White "Pfueller, Volker"]
[Black "Krueger, Antje Christine"]
[Result "1-0"]
[WhiteElo "1736"]
[BlackElo "1567"]
[PlyCount "89"]
[EventDate "2017.01.31"]
[EventType "swiss"]
[EventRounds "9"]
[EventCountry "GER"]
[SourceTitle "EXT 2019"]
[Source "ChessBase"]
[SourceDate "2018.10.10"]
[SourceVersion "1"]
[SourceVersionDate "2018.10.10"]
[SourceQuality "1"]

1. e4 d5 2. exd5 Qxd5 3. d4 Nc6 4. c3 Nf6 5. Nf3 Bg4 6. Be2 0-0-0 7. 0-0 Qh5 8. Qc2 e6 9. Be3 Bd6 10. Re1 Bxf3 11. Bxf3 Qxh2+ 12. Kf1 Bf4 13. Bxf4 Qxf4 14. Nd2 Ng4 15. Bxg4 Qxg4 16. Nf3 h5 17. Re4 Qf5 18. Rae1 g5 19. Qd2 g4 20. Rf4 Qh7 21. Ng5 Qg6 22. Nxf7 h4 23. Nxh8 Rxh8 24. Qe2 Nd8 25. Rxg4 Qf6 26. Qf3 Qh6 27. Qh3 Qh5 28. Ree4 Qb5+ 29. Re2 Qh5 30. g3 Qf5 31. gxh4 Rf8 32. Qg3 Qb1+ 33. Kg2 Qxa2 34. Rg7 Qc4 35. Re5 Qc6+ 36. f3 Qb6 37. Re2 Qc6 38. Re5 b6 39. d5 Qd6 40. dxe6 Qd2+ 41. Qf2 Qh6 42. Qg3 Qd2+ 43. Kh3 Re8 44. Rxc7+ Kb8 45. Rd7 1-0

[Event "Berlin-ch Seniors op 33rd"]
[Site "Berlin"]
[Date "2017.02.01"]
[Round "2"]
[White "Pfueller, Volker"]
[Black "Jiranek, Benno"]
[Result "1-0"]
[WhiteElo "1736"]
[BlackElo "1424"]
[PlyCount "71"]
[EventDate "2017.01.31"]
[EventType "swiss"]
[EventRounds "9"]
[EventCountry "GER"]
[SourceTitle "EXT 2019"]
[Source "ChessBase"]
[SourceDate "2018.10.10"]
[SourceVersion "1"]
[SourceVersionDate "2018.10.10"]
[SourceQuality "1"]

1. e4 e6 2. d4 d5 3. e5 c5 4. Nf3 Nc6 5. Be2 Qb6 6. c3 Nge7 7. 0-0 Nf5 8. dxc5 Bxc5 9. Bd3 Nce7 10. Nbd2 0-0 11. Nb3 Rd8 12. Qc2 Bd7 13. Nxc5 Qxc5 14. Bg5 Re8 15. Bxe7 Qxe7 16. Qb3 Bc6 17. Bxf5 exf5 18. Rfe1 Qc7 19. Qc2 g6 20. Qd2 Kg7 21. Qd4 Kg8 22. Rad1 a6 23. Qf4 Kg7 24. h4 Re7 25. h5 Rae8 26. h6+ Kg8 27. Qg5 Re6 28. Qh4 Qe7 29. Qd4 f6 30. exf6 Qxf6 31. Qxf6 Rxf6 32. Rxe8+ Bxe8 33. Re1 Kf8 34. Ng5 Rd6 35. Nxh7+ Kf7 36. Ng5+ 1-0

[Event "MVP-ch Seniors op 16th"]
[Site "Binz"]
[Date "2016.11.29"]
[Round "7.58"]
[White "Pfueller, Volker"]
[Black "Vietinghoff, Klaus"]
[Result "1/2-1/2"]
[WhiteElo "1756"]
[BlackElo "1841"]
[PlyCount "56"]
[EventDate "2016.11.23"]
[EventType "swiss"]
[EventRounds "9"]
[EventCountry "GER"]
[SourceTitle "EXT 2018"]
[Source "ChessBase"]
[SourceDate "2017.10.13"]
[SourceVersion "1"]
[SourceVersionDate "2017.10.13"]
[SourceQuality "1"]

1. e4 d6 2. d4 g6 3. f4 Bg7 4. Nf3 Nf6 5. Nc3 Bg4 6. Be2 Nbd7 7. 0-0 0-0 8. h3 Bxf3 9. Bxf3 e5 10. f5 exd4 11. Qxd4 Ne5 12. Be2 Nfd7 13. Qf2 c6 14. Bd2 Qe7 15. Rad1 a6 16. Nb1 b5 17. b4 Rad8 18. Bc3 f6 19. fxg6 hxg6 20. Qg3 Qe6 21. a3 Rf7 22. Qf2 Rdf8 23. Bxe5 Nxe5 24. Qb6 Ra8 25. Rd2 Bh6 26. Rdd1 f5 27. exf5 gxf5 28. Rfe1 Qf6 1/2-1/2

[Event "MVP-ch Seniors op 15th"]
[Site "Binz"]
[Date "2015.11.27"]
[Round "4.51"]
[White "Willin, Bernhard"]
[Black "Pfueller, Volker"]
[Result "1/2-1/2"]
[WhiteElo "1792"]
[BlackElo "1507"]
[PlyCount "73"]
[EventDate "2015.11.24"]
[EventType "swiss"]
[EventRounds "9"]
[EventCountry "GER"]
[SourceTitle "EXT 2017"]
[Source "ChessBase"]
[SourceDate "2016.10.25"]
[SourceVersion "1"]
[SourceVersionDate "2016.10.25"]
[SourceQuality "1"]

1. d4 f5 2. g3 Nf6 3. Bg2 g6 4. c4 Bg7 5. Nc3 0-0 6. Nf3 d6 7. 0-0 Qe8 8. e4 fxe4 9. Ng5 e5 10. d5 Na6 11. Ngxe4 Nxe4 12. Nxe4 Bf5 13. Be3 Qd7 14. Rc1 b6 15. Qd2 Bh3 16. Bxh3 Qxh3 17. Ng5 Qf5 18. b4 Rac8 19. f3 Bh6 20. Ne4 Bxe3+ 21. Qxe3 Nxb4 22. Rce1 Nc2 23. Qc3 Nxe1 24. Qxe1 g5 25. Qe3 h6 26. h4 Rf7 27. hxg5 hxg5 28. Nxg5 Rg7 29. Ne4 Rf8 30. Kg2 Qf4 31. Qe2 Rf5 32. Rh1 Rff7 33. Rh5 Rf5 34. Rh3 Rff7 35. Rh5 Qc1 36. Rh1 Qa3 37. Rh6 1/2-1/2

[Event "Miedzyzdroje OB Seniors 23rd"]
[Site "Miedzyzdroje"]
[Date "2015.06.21"]
[Round "5"]
[White "Pfueller, Volker"]
[Black "Bachmann, Rolf"]
[Result "1-0"]
[WhiteElo "1734"]
[BlackElo "2063"]
[PlyCount "63"]
[EventDate "2015.06.17"]
[EventType "swiss"]
[EventRounds "8"]
[EventCountry "POL"]
[SourceTitle "EXT 2018"]
[Source "ChessBase"]
[SourceDate "2017.10.13"]
[SourceVersion "1"]
[SourceVersionDate "2017.10.13"]
[SourceQuality "1"]

1. e4 Nf6 2. e5 Nd5 3. Bc4 Nb6 4. Bb3 d6 5. Qf3 e6 6. exd6 Bxd6 7. d3 Nc6 8. Ne2 Ne5 9. Qe4 Bd7 10. Nd4 c5 11. Nf3 Bc6 12. Qe2 Nxf3+ 13. gxf3 Qc7 14. Be3 Nd5 15. Nd2 Nf4 16. Qf1 a5 17. a4 b6 18. Ne4 Be7 19. Rg1 g6 20. Bd2 0-0 21. 0-0-0 Kg7 22. Bc3+ f6 23. Rg4 Nd5 24. Ng5 Qd7 25. Qh3 h5 26. Nxe6+ Kf7 27. Nxf8 Rxf8 28. Rh4 f5 29. Rxh5 Ke8 30. Rh8 Bxa4 31. Re1 Nxc3 32. Rxf8+ 1-0

[Event "Miedzyzdroje OB Seniors 23rd"]
[Site "Miedzyzdroje"]
[Date "2015.06.17"]
[Round "1"]
[White "Pfueller, Volker"]
[Black "Kirmas, Joachim"]
[Result "1/2-1/2"]
[WhiteElo "1734"]
[BlackElo "2022"]
[PlyCount "120"]
[EventDate "2015.06.17"]
[EventType "swiss"]
[EventRounds "8"]
[EventCountry "POL"]
[SourceTitle "EXT 2018"]
[Source "ChessBase"]
[SourceDate "2017.10.13"]
[SourceVersion "1"]
[SourceVersionDate "2017.10.13"]
[SourceQuality "1"]

1. e4 e5 2. d4 exd4 3. c3 dxc3 4. Nxc3 Be7 5. Bc4 Nc6 6. Qb3 Ne5 7. Nge2 Nxc4 8. Qxc4 d6 9. 0-0 c6 10. b3 Nf6 11. Bb2 Ng4 12. Nd1 Bf6 13. h3 Ne5 14. Bxe5 dxe5 15. Ne3 0-0 16. Rad1 Qe7 17. Qc3 Be6 18. Nc4 Bxc4 19. Qxc4 Rfd8 20. Nc3 Rxd1 21. Rxd1 Rd8 22. Qe2 Rd4 23. Qg4 Qd8 24. Rxd4 exd4 25. Nd1 g6 26. f4 h5 27. Qf3 Bg7 28. e5 Qa5 29. Qe2 Qd5 30. Qd3 Bh6 31. f5 Qxe5 32. fxg6 Qe1+ 33. Kh2 Bf4+ 34. g3 Qd2+ 35. Qxd2 Bxd2 36. gxf7+ Kxf7 37. Kg2 Kf6 38. Kf3 Kf5 39. Nf2 Bb4 40. Nd3 Bd6 41. Nf2 b5 42. g4+ hxg4+ 43. hxg4+ Ke5 44. Nd3+ Kf6 45. Ke4 c5 46. Nf2 Kg5 47. Kd3 Be7 48. Ke4 Bf8 49. Kd3 Kf4 50. b4 c4+ 51. Kxd4 Bg7+ 52. Kc5 c3 53. Kxb5 c2 54. Nd3+ Ke4 55. Kc4 Bh6 56. a4 c1Q+ 57. Nxc1 Bxc1 58. b5 Bd2 59. Kc5 Kf4 60. Kc6 Be3 1/2-1/2

[Event "Berlin-ch Seniors op 31st"]
[Site "Berlin"]
[Date "2015.01.30"]
[Round "2"]
[White "Pfueller, Volker"]
[Black "David, Heinz Dieter"]
[Result "1-0"]
[WhiteElo "1510"]
[BlackElo "1277"]
[PlyCount "58"]
[EventDate "2015.01.29"]
[EventType "swiss"]
[EventRounds "9"]
[EventCountry "GER"]
[SourceTitle "EXT 2018"]
[Source "ChessBase"]
[SourceDate "2017.10.13"]
[SourceVersion "1"]
[SourceVersionDate "2017.10.13"]
[SourceQuality "1"]

1. e4 e5 2. d4 exd4 3. c3 dxc3 4. Bc4 Qe7 5. Nxc3 d6 6. Nf3 h6 7. 0-0 Nf6 8. Re1 Qd7 9. e5 dxe5 10. Nxe5 Qxd1 11. Bxf7+ Kd8 12. Rxd1+ Bd6 13. Bg6 Rf8 14. Nf7+ Ke7 15. Nxd6 cxd6 16. Nb5 Nc6 17. Nxd6 Rd8 18. Nxc8+ Raxc8 19. Be3 Ne5 20. Rxd8 Rxd8 21. Bc5+ Ke6 22. Bc2 Rc8 23. Bb3+ Kf5 24. Bxa7 Nfd7 25. Bd4 Nd3 26. h3 N7e5 27. Bd5 Rc1+ 28. Rxc1 Nxc1 29. g4+ Kg6 1-0

[Event "MVP-ch Seniors op 14th"]
[Site "Binz"]
[Date "2014.11.29"]
[Round "5"]
[White "Micheel, Peter"]
[Black "Pfueller, Volker"]
[Result "1-0"]
[WhiteElo "1705"]
[BlackElo "1498"]
[PlyCount "107"]
[EventDate "2014.11.25"]
[EventType "swiss"]
[EventRounds "9"]
[EventCountry "GER"]
[SourceTitle "EXT 2016"]
[Source "ChessBase"]
[SourceDate "2015.10.08"]
[SourceVersion "1"]
[SourceVersionDate "2015.10.08"]
[SourceQuality "1"]

1. e4 e5 2. Nf3 Nc6 3. Bc4 Nf6 4. Ng5 d5 5. exd5 Na5 6. Bb5+ c6 7. dxc6 bxc6 8. Qf3 Bd7 9. Ba4 Rc8 10. d3 Be7 11. Nc3 0-0 12. 0-0 Nb7 13. Nge4 Bg4 14. Nxf6+ Bxf6 15. Qxg4 Nc5 16. Ne4 Be7 17. Nxc5 Bxc5 18. Bb3 Qd6 19. Be3 Bb6 20. a4 Ra8 21. a5 Bc7 22. g3 Kh8 23. Qc4 Qd7 24. Kg2 f5 25. Ba4 Qd5+ 26. Qxd5 cxd5 27. Bc6 d4 28. Bd2 Rad8 29. f3 Rf6 30. Ba4 Rg6 31. b4 f4 32. g4 h5 33. h3 hxg4 34. hxg4 Rh6 35. Bb3 Kh7 36. Rh1 Kg6 37. Rxh6+ gxh6 38. b5 Rb8 39. Bc4 h5 40. gxh5+ Kxh5 41. Rh1+ Kg6 42. Rb1 Rh8 43. b6 axb6 44. axb6 Bb8 45. b7 Rh7 46. Bd5 Kf6 47. Rb6+ Ke7 48. Rg6 Rh8 49. Bb4+ Kd8 50. Ba5+ Ke7 51. Bb4+ Kd7 52. Be4 Kd8 53. Rg7 Ke8 54. Bc6+ 1-0

[Event "MVP-ch Seniors op 14th"]
[Site "Binz"]
[Date "2014.11.28"]
[Round "4"]
[White "Pfueller, Volker"]
[Black "Wolke, Reimund"]
[Result "1/2-1/2"]
[WhiteElo "1498"]
[BlackElo "1741"]
[PlyCount "61"]
[EventDate "2014.11.25"]
[EventType "swiss"]
[EventRounds "9"]
[EventCountry "GER"]
[SourceTitle "EXT 2016"]
[Source "ChessBase"]
[SourceDate "2015.10.08"]
[SourceVersion "1"]
[SourceVersionDate "2015.10.08"]
[SourceQuality "1"]

1. e4 c5 2. f4 d6 3. Nf3 Nc6 4. Bb5 Bd7 5. 0-0 Nf6 6. Nc3 g6 7. d4 cxd4 8. Nxd4 Bg7 9. Nxc6 bxc6 10. Be2 Qb6+ 11. Kh1 0-0 12. Rb1 Bc8 13. h3 Bb7 14. Bf3 Nd7 15. e5 d5 16. Na4 Qc7 17. Be3 Nb6 18. Nc5 Bc8 19. Bd4 e6 20. Qe1 Nd7 21. Bg4 Re8 22. Rc1 Bf8 23. Qe3 Nxc5 24. Bxc5 Bxc5 25. Qxc5 Ba6 26. Rf2 Rab8 27. b3 Rb5 28. Qc3 Qb6 29. Qg3 Ra5 30. a4 c5 31. f5 1/2-1/2

[Event "MVP-ch Seniors op 14th"]
[Site "Binz"]
[Date "2014.11.26"]
[Round "2"]
[White "Pfueller, Volker"]
[Black "Walther, Renate"]
[Result "1-0"]
[WhiteElo "1498"]
[BlackElo "819"]
[PlyCount "87"]
[EventDate "2014.11.25"]
[EventType "swiss"]
[EventRounds "9"]
[EventCountry "GER"]
[SourceTitle "EXT 2016"]
[Source "ChessBase"]
[SourceDate "2015.10.08"]
[SourceVersion "1"]
[SourceVersionDate "2015.10.08"]
[SourceQuality "1"]

1. b4 d5 2. Bb2 Nc6 3. b5 Nb8 4. e3 e6 5. c4 Nf6 6. Nf3 Bd6 7. Be2 Nbd7 8. 0-0 0-0 9. d3 c6 10. a4 Re8 11. Nbd2 e5 12. Qc2 h6 13. cxd5 cxd5 14. e4 dxe4 15. dxe4 Nc5 16. Rfe1 Qc7 17. Rad1 Bg4 18. Ba3 b6 19. Nc4 Rad8 20. Ncd2 Re6 21. h3 Bxf3 22. Bxf3 Be7 23. Nb3 Rxd1 24. Rxd1 Rd6 25. Rxd6 Bxd6 26. Bxc5 bxc5 27. Nd2 Qb6 28. Nc4 Qc7 29. Qd2 Be7 30. Kf1 Nh7 31. Qd5 Nf6 32. Qxe5 Qxe5 33. Nxe5 Bd8 34. Nc4 Bc7 35. a5 Nd7 36. Bg4 Nf6 37. Bf3 Nd7 38. Bd1 Nf6 39. Bc2 Nd7 40. g4 g5 41. f3 Kg7 42. Ba4 Ne5 43. b6 a6 44. bxc7 1-0